000 00266pab a2200121 454500
008 180718b xxu||||| |||| 00| 0 eng d
100 _aAhluwalia, Isher
245 _aFertiliser subsidy
650 _a Subsidy
650 _aFertilizers
773 _aYojana
909 _a2008
999 _c2008
_d2008